| 000 | 01062nam a2200241 4500 | ||
|---|---|---|---|
| 005 | 20260220054118.0 | ||
| 008 | 260220b |||||||| |||| 00| 0 eng d | ||
| 020 | _a9788179653524 (hbk) | ||
| 037 | _cTB | ||
| 040 |
_aCRL _cCRL |
||
| 041 |
_2hin _ahin |
||
| 084 |
_aO152,2:g P2;R3 _qCRL |
||
| 100 | _aचातक, गोविन्द | ||
| 245 | _aहिन्दी नाटक इतिहास के सोपान | ||
| 250 | _a2 संस्करण | ||
| 260 |
_aनई दिल्ली, भारत: _bतक्षशिला प्रकाशन, _c2023. |
||
| 300 | _a206पृ. | ||
| 365 |
_b600.00 _cINR |
||
| 650 | _aहिन्दी नाटक | ||
| 650 | _aहिन्दी साहित्य | ||
| 942 |
_2CC _n0 _cTB _e2 संस्करण _hO152,2:g P2;R3 |
||
| 999 |
_c1680007 _d1680007 |
||